LEADER 01297nam a2200253 i 4500 001 000000029362 003 CaOOAMICUS 005 20251110125107.0 008 180830s1751 it u000 u lat u 040 $aSeMil$bita 100 1 $aGiustiniani, Lorenzo,$c.$0(OLS)http://semarc/name/10349 245 10$aSancti Laurentii Justiniani protopatriarchae veneti Opera omnia in duos tomos distincta, et ad meliorem harmoniam nunc primum redacta, atque aucta. Tomus 1. [-2.]. 260 $aVenetiis :$bExcudebant Jo: Baptista Albritius, & Joseph Rosa,$c1751. 300 $a2 v. ;$cfol. 500 $aCors. ; rom. 500 $aTesto stampato su due colonne 500 $aIniz., testate xilogr. 700 1 $aRosa, Giuseppe,$c.$0(OLS)http://semarc/name/13402 700 1 $aAlbrizzi, Giovanni Battista,$c.$0(OLS)http://semarc/name/2080 774 0 $tTomus 1.$g1$w()226573 774 0 $tTomus 2.$g2$w()226574 996 $6245$aSancti Laurentii Justiniani protopatriarchae veneti Opera omnia in duos tomos distincta, et ad meliorem harmoniam nunc primum redacta, atque aucta. Tomus 1. [-2.]$9(OLS)http://semarc/title/39892 996 $6260$aVenetiis :$bExcudebant Jo: Baptista Albritius, & Joseph Rosa$9(OLS)http://semarc/publisher/38075 LEADER 00929nam a2200229 i 4500 001 000000040554 003 CaOOAMICUS 005 20200505163924.0 008 111103s1864 it u000 u ita u 013 $a11724 040 $aSeMil$bita 245 10$aArte, affetti, fantasie /$cliriche di Andrea Maffei. 264 1$aFirenze :$bLe Monnier,$c1864. 300 $aVI, 407 p., [1] c. di tav. :$britr. ;$c19 cm. 700 1 $aMaffei, Andrea,$d<1798-1885>.$0(OLS)http://semarc/name/11162 773 0 $aMaffei, Andrea <1798-1885>$tOpere di Andrea Maffei.$dFirenze : Le Monnier, 1862-$w()25711 850 $aSeMil 852 $aSeMil$W1$xVenegono$y1$m1S II 36 FA$j6709$B6709$CSeMilBibl$Z2$F6709 $8I 961 $aOmaggio: Biblioteca Seminario Duomo 996 $6245$aArte, affetti, fantasie$9(OLS)http://semarc/title/58314 996 $6264$aFirenze :$bLe Monnier$9(OLS)http://semarc/publisher/30060 LEADER 01204nam a2200241 i 4500 001 000000059397 003 CaOOAMICUS 005 20121018000000.0 008 121018s1965 it u000 u ita u 013 $a30569 040 $aSeMil$bita 245 10$aDecisioni della Corte Costituzionale in Materia Ecclesiastica /$ca cura di Pio Ciprotti. 260 $aMilano :$bGiuffrè,$cstampa 1965. 300 $a48 p. ;$c25 cm. 490 0 $aUniversità degli Studi di Camerino. Istituto giuridico. Testi per esercitazioni. Sezione 15 ;$v1. 650 4$aDiritto ecclesiastico.$0(OLS)http://semarc/subject/933 650 4$aChiesa - Italia - Legislazione ecclesiastica.$0(OLS)http://semarc/subject/4088 700 1 $aCiprotti, Pio,$d<1914-1993>.$0(OLS)http://semarc/name/4564 830 0$aUniversità degli Studi di Camerino. Istituto giuridico. Testi per esercitazioni. Sezione 15 ;$v1.$0(OLS)http://semarc/title/37320 850 $aSeMil 852 $aSeMil$W1$xVenegono$y1$m2J IV 192$j25550$B25550$CSeMilBibl$Z2$F25553 $81 996 $6245$aDecisioni della Corte Costituzionale in Materia Ecclesiastica$9(OLS)http://semarc/title/92799 996 $6260$aMilano :$bGiuffrè$9(OLS)http://semarc/publisher/29926